| 000 | 00888nam a2200277Ia 4500 | ||
|---|---|---|---|
| 001 | Para_4326 | ||
| 003 | CHAP | ||
| 008 | 220125s1940 xx 000 0 und d | ||
| 010 | _a202853 | ||
| 040 | _cCHAP | ||
| 090 | _aPA FOLLETO 1611 | ||
| 100 |
_aAllen, H. W _9166666 |
||
| 245 |
_aImportation, rearing and colonization of parasites of the oriental fruit moth / _c H. W. Allen, J. K. Holloway, and G. J. Haeussler |
||
| 260 |
_aWashington : _b Department of Agriculture |
||
| 300 | _a62 p. | ||
| 440 |
_aEUA. Department of Agriculture. Circular; 561 _9168297 |
||
| 650 |
_aLaspeyresia molesta Durazno _x Plagas _9166741 |
||
| 700 |
_aHollway, J. K. Haesussler, G. J. _9168298 |
||
| 901 | _aPA FOLLETO 1611 | ||
| 902 | _aA | ||
| 905 | _a0000001940 WAS 0000000000 00 | ||
| 910 | _a1940 | ||
| 942 | _cPARA | ||
| 942 |
_cPARA _d1 |
||
| 999 |
_c202853 _d202853 |
||